Diseño 1 km de estructura de pavimento articulado en el tramo Carretera La Sirena- Emp. El Regadío municipio de Estelí, Departamento de Estelí (Est: 2+660 hasta 3+660), por el método AASHTO 93

Presenta un diseño de 1 km de estructura de pavimento articulado en el tramo carretera La Sirena-Em. El Redadio municipio de Estelí (este: 2+660-3+66) por el método AASHTO 93.

Bibliographic Details
Main Author: Arce Talavera, Johel Antonio
Other Authors: Tutor: Parajón Centeno, Llich
Format: Tesis Section = Libro
Language:Undetermined
Spanish
Published: Managua UNI/RUACS 2016
Subjects:
LEADER 01046nam a2200241Ia 4500
008 240830s9999 xx 000 0 und d
040 |a BIBLIOTECA-RUPAP T.Mon 625.85 A668 
041 |a spa 
082 |a T.Mon 625.85 A668 
100 1 |a Arce Talavera, Johel Antonio 
245 1 0 |a Diseño 1 km de estructura de pavimento articulado en el tramo Carretera La Sirena- Emp. El Regadío municipio de Estelí, Departamento de Estelí (Est: 2+660 hasta 3+660), por el método AASHTO 93 
260 |a Managua  |b UNI/RUACS  |c 2016 
300 |a 66 p. :il. 
500 |a Contiene: anexos. 
502 |a Tesis (Ingeniero Civil)- UNI, 2016. 
520 3 |a Presenta un diseño de 1 km de estructura de pavimento articulado en el tramo carretera La Sirena-Em. El Redadio municipio de Estelí (este: 2+660-3+66) por el método AASHTO 93. 
650 7 |a PAVIMENTOS 
650 7 |b PAVIMENTOS ARTICULADO-DISEÑO 
650 7 |c CARRETERAS-MANTENIMIENTO Y REPARACION. 
700 1 |a Tutor:  |b Parajón Centeno, Llich 
942 |c BK  |2 ddc 
991 |a TESIS 
999 |c 18286